000 00376nam a2200157Ia 4500
008 210210b1927 xxu||||| |||| 00| 0 eng d
041 _aeng
082 _a822/743
100 _aLUCAS (E V)
245 _aLoiterers harvest
260 _aLondon
_bMethuen and Company Limited
_c1927
650 _aLoiterers
650 _aharvest
690 _aEnglish Prose
906 _a012927
999 _c131758
_d131758